Belastungsverarbeitung

Saved in:  
Bibliographic Details
Main Author: Weber, Johanna Eleonore 1955- (Author)
Format: Print Article
Language:German
Published: 1992
In: Zeitschrift für klinische Psychologie
Year: 1992, Volume: 21, Issue: 1, Pages: 17-27
Check availability: HBZ Gateway
Keywords:

MARC

LEADER 00000caa a22000002c 4500
001 1640231110
003 DE-627
005 20220608131439.0
007 tu
008 160223s1992 xx ||||| 00| ||ger c
035 |a (DE-627)1640231110 
035 |a (DE-576)456089713 
035 |a (DE-599)BSZ456089713 
040 |a DE-627  |b ger  |c DE-627  |e rakwb 
041 |a ger 
100 1 |a Weber, Johanna Eleonore  |d 1955-  |0 (DE-588)130481505  |0 (DE-627)50222424X  |0 (DE-576)298222280  |4 aut 
109 |a Weber, Johanna Eleonore 1955-  |a Weber, Hannelore 1955- 
245 1 0 |a Belastungsverarbeitung  |c Hannelore Weber 
264 1 |c 1992 
336 |a Text  |b txt  |2 rdacontent 
337 |a ohne Hilfsmittel zu benutzen  |b n  |2 rdamedia 
338 |a Band  |b nc  |2 rdacarrier 
773 0 8 |i In  |t Zeitschrift für klinische Psychologie  |d Göttingen : Hogrefe, 1972  |g 21(1992), 1, Seite 17-27  |w (DE-627)129299936  |w (DE-600)121881-5  |w (DE-576)014492482  |x 0084-5345  |7 nnas 
773 1 8 |g volume:21  |g year:1992  |g number:1  |g pages:17-27 
935 |a mkri 
951 |a AR 
ELC |b 1 
LOK |0 000 xxxxxcx a22 zn 4500 
LOK |0 001 3301694217 
LOK |0 003 DE-627 
LOK |0 004 1640231110 
LOK |0 005 20160223101427 
LOK |0 008 160208||||||||||||||||ger||||||| 
LOK |0 040   |a DE-21-110  |c DE-627  |d DE-21-110 
LOK |0 689   |a s  |a Coping 
LOK |0 689   |a s  |a Wirksamkeit 
LOK |0 689   |a s  |a Bewältigungsressourcen 
LOK |0 852   |z Kein Bestand am IfK; Nachweis für KrimDok 
LOK |0 852   |a DE-21-110 
LOK |0 852 1  |m v  |9 00 
LOK |0 935   |a k110 
LOK |0 938   |k v 
LOK |0 939   |a 08-02-16  |b l01 
ORI |a SA-MARC-krimdoka001.raw